All Euro 2024 Teams - Statistics

General Stats
  • This quiz has been taken 46 times
  • The average score is 22 of 24
Answer Stats
Group Rank Country Wins Draws Losses Goal Difference Points % Correct
A 1 Germany 2 1 0 +6 7
100%
B 2 Italy 1 1 1 0 4
100%
B 1 Spain 3 0 0 +5 9
100%
E 2 Belgium 1 1 1 +1 4
98%
B 3 Croatia 0 2 1 -3 2
98%
C 2 Denmark 0 3 0 0 3
98%
D 3 Netherlands 1 1 1 0 4
98%
F 1 Portugal 2 0 1 +2 6
98%
D 2 France 1 2 0 +1 5
95%
A 3 Hungary 1 0 2 -3 3
95%
D 4 Poland 0 1 2 -3 1
95%
E 1 Romania 1 1 1 +1 4
95%
A 2 Switzerland 1 2 0 +2 5
95%
D 1 Austria 2 0 1 +2 6
93%
C 1 England 1 2 0 +1 5
93%
A 4 Scotland 0 1 2 -5 1
93%
E 3 Slovakia 1 1 1 0 4
93%
C 3 Slovenia 0 3 0 0 3
93%
E 4 Ukraine 1 1 1 -2 4
93%
B 4 Albania 0 1 2 -2 1
90%
F 4 Czechia 0 1 2 -2 1
90%
C 4 Serbia 0 2 1 -1 2
90%
F 3 Georgia 1 1 1 0 4
88%
F 2 Türkiye 2 0 1 0 6
71%
No matching quizzes found
Score Distribution
Percent of People with Each Score
Percentile by Number Answered
Your Score History
You have not taken this quiz